| 000 | 00510nam a2200181Ia 4500 | ||
|---|---|---|---|
| 999 |
_c27979 _d27979 |
||
| 003 | OSt | ||
| 005 | 20201228141934.0 | ||
| 008 | 190216s9999||||xx |||||||||||||| ||und|| | ||
| 020 | _a9788171308835 | ||
| 040 | _coclc | ||
| 082 |
_a894.8121 _bCHU/D |
||
| 100 |
_aChullikkad, Balachandran _96434 |
||
| 245 | 0 |
_aDracula / _cBalachandran Chullikkad |
|
| 260 |
_bD C Books, _c1998. _aKottayam: |
||
| 300 | _a59p | ||
| 650 | _aKavithkal | ||
| 942 |
_cBK _2ddc _h894.8121 _iCHU/D _k894.8121 _mCHU/D |
||